01761nab a2200445 a 450000100060000000300080000600500170001400600190003100700150005000800410006502200140010603500210012004000260014105000190016708000070018608200120019321000480020522200950025324502090034826000620055730000130061931000100063236200190064253301640066154600390082565000170086465000440088165000210092565000150094665000200096165000370098165300140101865300270103265300180105965500320107770000290110971000190113874000960115785600620125329566FlNmELB20241216220514.0m o d | cr cn|||||||||201104r2007 sp |||||s|||||||||||spa d a1578-5157 a(OCoLC)955409163 aFlNmELBbspacFlNmELB 4aG62bA642 2007 a9104a91022210aGeofocus. Rev. int. cienc. tec. inf. geogr. 0aGeofocus. Revista internacional de Ciencia y Tecnología de la información Geográfica00aAplicación del método de simulación secuencial directa para la evaluación de la incertidumbre local en modelos digitales de elevacionesh[recurso electronico] /cJorge Delgado García ...[et al]. aMadrid :bAsociación de Geógrafos Españoles,c2007. a23-37 p. aAnual0 aNum. 7 (2007)- aRecurso electrónico. Santa Fe, Arg.: e-libro, 2015. Disponible vía World Wide Web. El acceso puede estar limitado para las bibliotecas afiliadas a e-libro. aResumenes en español e inglés. 0aGeografía. 0aSistemas de información geográfica. 0aTeledetección. 0aGeography. 0aRemote sensing. 0aGeographical information system. aGeografia aInformacion geografica aTeledeteccion 4aArtículos electrónicos.1 aDelgado García, Jorge.2 ae-libro, Corp.02aGeofocus. Revista internacional de Ciencia y Tecnología de la información Geográfica.40uhttps://elibro.net/ereader/politecnicointernacional/21522